| 000 | 00325nam a22001337a 4500 | ||
|---|---|---|---|
| 999 |
_c15354 _d15354 |
||
| 020 | _a9788131205914 | ||
| 082 |
_a551.48 _bJAI/WA |
||
| 100 |
_aJain, S. K _93035 |
||
| 245 | _aWater resources systems planning and management | ||
| 260 |
_aIndia _bElsevier _c2006 |
||
| 300 | _a858 | ||
| 700 |
_aSingh, V. P _93036 |
||
| 942 | _cREF | ||